00589nam a2200169Ia 4500008004100000020001800041041000800059082001300067100002300080245002400103260003600127300001400163700004400177906001400221999001700235952016700252220530s9999 xx 000 0 und d a9788184002980 aeng a820bYUV aYuvra Singh956964 aThe Test of my Life aNoidabRandam House Indiac2013 a189 PbPB a Arora Jeet Nishant Ugra Sharda 956965 a59.85bGB c51591d51591 001040708Non Technical aCEWNbCEWNd2013-04-18eNagpur Popular Book Shopg399.00o820/YUV/ pCEWN-BK-4338r2022-05-30 00:00:00v339.15w2022-05-30yBKz004338